Central Library OPAC University of Rajshahi
Normal view MARC view

Entry Personal Name

Number of records used in: 2

001 - CONTROL NUMBER

  • control field: 12717

003 - CONTROL NUMBER IDENTIFIER

  • control field: BD-RjUL

005 - DATE AND TIME OF LATEST TRANSACTION

  • control field: 20240425095618.0

008 - FIXED-LENGTH DATA ELEMENTS

  • fixed length control field: 240425|| aca||aabn | a|a d

040 ## - CATALOGING SOURCE

  • Original cataloging agency: BD-RjUL
  • Transcribing agency: BD-RjUL

100 ## - HEADING--PERSONAL NAME

  • Personal name: Alom, Md. Nurul

670 ## - SOURCE DATA FOUND

  • Source citation: Work cat.: (BD-RjUL)83583: Alom, Md. Nurul, Phytoplakton Dynamics in A Lentic Water Body-Bagha Dighi, Rajshahi, Bangladesh /, 2004